| 000 -CABECERA |
| Longitud fija campo de control |
00599nam a22001937a 4500 |
| 003 - IDENTIFICADOR DEL NÚMERO DE CONTROL |
| Identificador del número de control |
OSt |
| 005 - FECHA Y HORA DE LA ÚLTIMA TRANSACCIÓN |
| Fecha y hora de la última transacción |
20161004175859.0 |
| 008 - CÓDIGOS DE INFORMACIÓN DE LONGITUD FIJA |
| Códigos de información de longitud fija |
161004s2016 spc|||||||||||||| ||cat|d |
| 020 ## - NÚMERO INTERNACIONAL NORMALIZADO PARA LIBROS |
| Número Internacional Normalizado para Libros (ISBN) |
9788494101960 |
| 040 ## - FUENTE DE LA CATALOGACIÓN |
| Lengua de catalogación |
cat |
| Centro transcriptor |
CDMR |
| 100 1# - PUNTO DE ACCESO PRINCIPAL-NOMBRE DE PERSONA |
| Nombre de persona |
Adell Bardier, Josep M. |
| 245 10 - MENCIÓN DE TÍTULO |
| Título |
Ràdio 4, 40 anys en català 1976-2016 |
| Resto del título |
(una veu de resistència) |
| Mención de responsabilidad, etc. |
Josep M. Adell Bardier |
| 260 ## - PUBLICACIÓN, DISTRIBUCIÓN, ETC. (PIE DE IMPRENTA) |
| Lugar de publicación, distribución, etc. |
Girona : |
| Nombre del editor, distribuidor, etc. |
Nautilus, |
| Fecha de publicación, distribución, etc. |
2016 |
| 300 ## - DESCRIPCIÓN FÍSICA |
| Extensión |
313 p. ; |
| Dimensiones |
21 cm |
| 610 20 - PUNTO DE ACCESO ADICIONAL DE MATERIA - NOMBRE DE ENTIDAD CORPORATIVA |
| Nombre de entidad corporativa o nombre de jurisdicción como elemento inicial |
Radio Nacional de España |
| Unidad subordinada |
Radio 4 |
| 9 (RLIN) |
3198 |
| 650 #0 - PUNTO DE ACCESO ADICIONAL DE MATERIA - TÉRMINO DE MATERIA |
| Término de materia o nombre geográfico como elemento inicial |
Català |
| 9 (RLIN) |
3851 |
| Subdivisión de materia general |
ús |
| 650 07 - PUNTO DE ACCESO ADICIONAL DE MATERIA - TÉRMINO DE MATERIA |
| Término de materia o nombre geográfico como elemento inicial |
Ràdio |
| Subdivisión geográfica |
Història |
| -- |
Catalunya |
| Fuente del encabezamiento o término |
lemac |
| 9 (RLIN) |
1722 |
| 942 ## - ENTRADA DE ELEMENTOS AGREGADOS (KOHA) |
| Koha [por defecto] tipo de item |
Monografies |